Supervisión
Saved in:
| Main Authors: | , |
|---|---|
| Format: | Bog |
| Sprog: | spansk |
| Udgivet: |
Ciudad de México
Pearson Educación
2008
|
| Udgivelse: | 5a. ed |
| Fag: | |
| Tags: |
Tilføj Tag
Ingen Tags, Vær først til at tagge denne postø!
|
MARC
| LEADER | 00000nam a2200000 a 4500 | ||
|---|---|---|---|
| 001 | UCI4245 | ||
| 003 | CL-VaPUC | ||
| 008 | 080104e20080000MX |||||||||||||||||spa|d | ||
| 020 | |a 9789702610830 | ||
| 082 | 0 | 4 | |a 658.302 |b ROB |2 21 |
| 100 | 0 | |a Robbins, Stephen P |e author |9 526042 | |
| 700 | 0 | |a DeCenzo, David A |e author |9 526043 | |
| 245 | 1 | 0 | |a Supervisión |
| 250 | |a 5a. ed | ||
| 300 | |a 500 p | ||
| 942 | |c BK | ||
| 945 | |d 20080104 00:00:00 |a jtorresc | ||
| 260 | |a Ciudad de México |b Pearson Educación |c 2008 | ||
| 650 | 7 | |a SUPERVISION |2 CL-VaPUC |9 338459 | |
| 650 | 7 | |a SUPERVISORES |2 CL-VaPUC |9 338460 | |
| 650 | 0 | |a Administración del personal |9 260442 | |
| 650 | 0 | |a Liderazgo |9 271835 | |
| 650 | 0 | |a Relaciones laborales |9 335971 | |
| 650 | 0 | |a Toma de decisiones |9 257530 | |
| 650 | 0 | |a Motivación |9 315362 | |
| 583 | |a last modification |c 20080104 00:00:00 |k Rodrigo Vera | ||
| 999 | |c 328213 |d 328211 | ||
| 952 | |0 0 |1 0 |4 0 |6 658_302000000000000_ROB_2008 |7 0 |8 A |9 412013 |a BIBENE |b BIBENE |d 2019-11-22 |i 4399358 |o 658.302 ROB 2008 |p 4399358 |r 2025-01-15 |w 2019-11-22 |y BK |k ICO | ||